000 00253nam a22001097a 4500
008 160523b xxu||||| |||| 00| 0 eng d
020 _a0393957861
041 _aeng
080 _a615
245 _aOhanian physics:
_cRichard J. Gonsalves;
942 _2udc
_cBK
999 _c2388
_d2388